[Event "La Fere op"]
[Site "La Fere"]
[Date "2010.07.10"]
[Round "9"]
[White "Pottier, Philippe"]
[Black "Tawegoum, Ivan"]
[Result "1-0"]
[WhiteElo "1480"]
[BlackElo "1636"]
[PlyCount "110"]
[EventDate "2010.07.03"]
[EventType "swiss"]
[EventRounds "9"]
[EventCountry "FRA"]
[SourceTitle "CBM 137 Extra"]
[Source "ChessBase"]
[SourceDate "2010.09.01"]
[SourceVersion "1"]
[SourceVersionDate "2010.09.01"]
[SourceQuality "1"]

1. f4 d5 2. Nf3 c5 3. e3 Nc6 4. Bb5 Bd7 5. Bxc6 Bxc6 6. Ne5 Nf6 7. Nxc6 bxc6 8. d3 e6 9. 0-0 Be7 10. b3 d4 11. e4 Qd7 12. Na3 Qc7 13. Nc4 0-0-0 14. Bd2 h6 15. Ba5 Qb7 16. Bxd8 Bxd8 17. Ne5 Ba5 18. Nc4 Bc7 19. e5 Nd5 20. Qg4 Rg8 21. Qh5 Bb8 22. f5 exf5 23. Qxf5+ Qd7 24. Qxf7 Qxf7 25. Rxf7 Ne3 26. Nxe3 dxe3 27. Re1 Bxe5 28. Rxa7 Kb8 29. Re7 Bc3 30. R1xe3 Bd4 31. Kf1 Bxe3 32. Rxe3 Kb7 33. Ke2 Kb6 34. Re4 Rf8 35. a3 g5 36. c4 h5 37. b4 cxb4 38. axb4 Ra8 39. h3 Ra2+ 40. Kf3 Rd2 41. Rd4 g4+ 42. hxg4 hxg4+ 43. Kxg4 Rxg2+ 44. Kf3 Rb2 45. c5+ Kb5 46. Ke4 Rxb4 47. Rxb4+ Kxb4 48. d4 Kb5 49. Ke5 Ka6 50. Kd6 Kb7 51. Kd7 Kb8 52. Kxc6 Kc8 53. d5 Kd8 54. d6 Kc8 55. Kd5 Kd7 1-0

[Event "La Fere op"]
[Site "La Fere"]
[Date "2010.07.08"]
[Round "7"]
[White "Pottier, Philippe"]
[Black "Tivol, Thierry"]
[Result "0-1"]
[WhiteElo "1480"]
[BlackElo "1740"]
[PlyCount "132"]
[EventDate "2010.07.03"]
[EventType "swiss"]
[EventRounds "9"]
[EventCountry "FRA"]
[SourceTitle "CBM 137 Extra"]
[Source "ChessBase"]
[SourceDate "2010.09.01"]
[SourceVersion "1"]
[SourceVersionDate "2010.09.01"]
[SourceQuality "1"]

1. f4 c6 2. Nf3 d5 3. e3 Nf6 4. b3 Bf5 5. Ne5 Nbd7 6. Bb2 Nxe5 7. fxe5 Ne4 8. d3 Nc5 9. Nd2 e6 10. Be2 Qg5 11. Kf2 Qh4+ 12. g3 Qd8 13. Bf3 Qc7 14. Qe2 Nd7 15. e4 dxe4 16. dxe4 Bc5+ 17. Kg2 Bg6 18. Nc4 h5 19. Nd6+ Bxd6 20. exd6 Qxd6 21. Bxg7 Rg8 22. e5 Qc5 23. Bf6 Nxf6 24. exf6 0-0-0 25. h4 Qa5 26. Rhd1 Rxd1 27. Rxd1 Qxa2 28. Qd2 Qxc2 29. Qxc2 Bxc2 30. Rc1 Bg6 31. Rc5 Rh8 32. Rg5 Kc7 33. Kh3 Kd6 34. g4 hxg4+ 35. Bxg4 e5 36. h5 Bc2 37. b4 Bb3 38. Kh4 Be6 39. Bf3 Rh6 40. Bg4 Rxf6 41. Bxe6 Kxe6 42. Rg7 Rh6 43. Kg5 Rh8 44. h6 e4 45. h7 Ke7 46. Kh6 Kf6 47. Rg8 Rxh7+ 48. Kxh7 Ke5 49. Kg7 f5 50. Kf7 e3 51. Re8+ Kd4 52. Kf6 f4 53. Kf5 f3 54. Rd8+ Kc3 55. Ke4 f2 56. Rf8 Kd2 57. Rf3 b6 58. Rf5 Ke2 59. Rf3 f1Q 60. Rxf1 Kxf1 61. Kxe3 Ke1 62. Kd3 Kf2 63. Kd2 Kf3 64. Kd3 Kf4 65. Kd4 Kf5 66. Kc4 Ke5 0-1